000 02755cam a2200637 a 4500
999 _c27471
_d27471
001 ocn646993694
003 OCoLC
005 20240801173524.0
006 m o d
007 cr bn||||||abp
007 cr bn||||||ada
008 100712s1983 nyua ob 001 0 eng d
010 _z 83002829
020 _a9781483288291
_q(electronic bk.)
020 _a1483288293
_q(electronic bk.)
020 _z012160280X
020 _z9780121602802
035 _a(OCoLC)646993694
_z(OCoLC)1256527164
040 _aOCLCE
_beng
_epn
_cOCLCE
_dOCLCQ
_dUIU
_dOCLCF
_dE7B
_dN$T
_dYDXCP
_dOCLCQ
_dINARC
_dOCLCO
_dOCLCQ
_dOCLCO
042 _adlr
050 4 _aQH91.8.N46
_bN57 1983
070 _aQH91.8.N46N57
072 7 _aSCI
_x008000
_2bisacsh
082 0 4 _a574.5/2636
_219
245 0 0 _aNitrogen in the marine environment /
_cedited by Edward J. Carpenter, Douglas G. Capone.
260 _aNew York :
_bAcademic Press,
_c1983.
300 _a1 online resource (xvii, 900 pages) :
_billustrations
336 _atext
_btxt
_2rdacontent
337 _acomputer
_bc
_2rdamedia
338 _aonline resource
_bcr
_2rdacarrier
504 _aIncludes bibliographical references and index.
506 _3Use copy
_fRestrictions unspecified
_2star
_5MiAaHDL
533 _aElectronic reproduction.
_b[Place of publication not identified] :
_cHathiTrust Digital Library,
_d2010.
_5MiAaHDL
538 _aMaster and use copy. Digital master created according to Benchmark for Faithful Digital Reproductions of Monographs and Serials, Version 1. Digital Library Federation, December 2002.
_uhttp://purl.oclc.org/DLF/benchrepro0212
_5MiAaHDL
583 1 _adigitized
_c2010
_hHathiTrust Digital Library
_lcommitted to preserve
_2pda
_5MiAaHDL
588 0 _aPrint version record.
650 0 _aNitrogen cycle.
650 0 _aMarine biology.
650 2 _aMarine Biology
_0(DNLM)D008386
650 6 _aCycle de l'azote.
_0(CaQQLa)201-0080837
650 6 _aBiologie marine.
_0(CaQQLa)201-0003896
650 7 _amarine biology.
_2aat
_0(CStmoGRI)aat300264402
650 7 _aSCIENCE
_xLife Sciences
_xBiology.
_2bisacsh
650 7 _aMarine biology
_2fast
_0(OCoLC)fst01009447
650 7 _aNitrogen cycle
_2fast
_0(OCoLC)fst01038072
650 7 _aStickstoffkreislauf
_2gnd
_0(DE-588)4183276-0
650 7 _aMeer
_2gnd
_0(DE-588)4038301-5
650 7 _aBiologie marine.
_2ram
650 7 _aCycle de l'azote.
_2ram
653 _aMarine ecosystems
_aEffects of nitrogen cycle
700 1 _aCarpenter, Edward J.
700 1 _aCapone, Douglas G.
776 0 8 _iPrint version:
_tNitrogen in the marine environment.
_dNew York : Academic Press, 1983
_w(DLC) 83002829
_w(OCoLC)9323849
856 4 0 _3ScienceDirect
_uhttps://www.sciencedirect.com/science/book/9780121602802
942 _2ddc
_cEBK